[Event "3. M-Tel Masters"]
[Site "Sofia BUL"]
[Date "2007.05.11"]
[Round "2.1"]
[White "Nisipeanu, Liviu-Dieter"]
[Black "Kamsky, Gata"]
[Result "1/2-1/2"]
[WhiteElo "2693"]
[BlackElo "2705"]
[PlyCount "91"]
[EventDate "2007.05.07"]
[EventType "tourn"]
[EventRounds "10"]
[EventCountry "BUL"]
[EventCategory "20"]
[Source "lmi"]
[SourceDate "2007.05.10"]

1. d4 d5 2. c4 c6 3. Nf3 Nf6 4. Nc3 Qb6 5. e3 Bg4 6. h3 Bxf3 7. Qxf3 e6 8. Bd3
Bb4 9. O-O O-O 10. Qe2 Nbd7 11. Bd2 a5 12. Rfd1 Rfe8 13. Rab1 Bf8 14. Be1 g6
15. Qc2 Qa7 16. Bf1 Nb6 17. b3 Nc8 18. Qb2 Nd6 19. c5 Nde4 20. a3 Nxc3 21. Bxc3
Ne4 22. Be1 e5 23. b4 exd4 24. exd4 axb4 25. axb4 Bg7 26. h4 Qa3 27. Qxa3 Rxa3
28. b5 Bf6 29. g3 g5 30. bxc6 bxc6 31. Rb6 gxh4 32. gxh4 Re6 33. Bd3 Bxd4 34.
Bxe4 Rxe4 35. Rxc6 Bc3 36. Bxc3 Rxc3 37. Rxd5 Rxh4 38. Rg5+ Kf8 39. Rf5 Rg4+
40. Kf1 Rc1+ 41. Ke2 Re4+ 42. Kd2 Rcc4 43. Rc7 Rcd4+ 44. Kc3 Rc4+ 45. Kd2 Rcd4+
46. Kc3 1/2-1/2

[Event "3. M-Tel Masters"]
[Site "Sofia BUL"]
[Date "2007.05.17"]
[Round "7.1"]
[White "Kamsky, Gata"]
[Black "Nisipeanu, Liviu-Dieter"]
[Result "1/2-1/2"]
[WhiteElo "2705"]
[BlackElo "2693"]
[PlyCount "93"]
[EventDate "2007.05.07"]
[EventType "tourn"]
[EventRounds "10"]
[EventCountry "BUL"]
[EventCategory "20"]
[Source "lmi"]
[SourceDate "2007.05.10"]

1. e4 c5 2. Nf3 e6 3. d4 cxd4 4. Nxd4 Nc6 5. Nc3 Qc7 6. Be2 Nf6 7. O-O a6 8.
Be3 Bb4 9. Na4 Be7 10. c4 Nxe4 11. c5 O-O 12. Rc1 Rb8 13. g3 Nf6 14. Bf3 g6 15.
Nb6 e5 16. Nb3 d6 17. cxd6 Bxd6 18. Bxc6 bxc6 19. Qf3 Bf5 20. Qxc6 Qxc6 21.
Rxc6 Be7 22. Bc5 Bxc5 23. Nxc5 Kg7 24. Re1 Rfd8 25. Nc4 Rbc8 26. Rxc8 Rxc8 27.
b4 Ne4 28. Nxe4 Rxc4 29. Nd6 Rxb4 30. Nxf5+ gxf5 31. Rxe5 Ra4 32. Rxf5 h6 33.
Kg2 Rxa2 34. Rc5 a5 35. g4 a4 36. Ra5 Ra3 37. Ra6 Kh7 38. f3 Ra1 39. f4 Ra2+
40. Kg3 Ra3+ 41. Kh4 Ra2 42. h3 Ra3 43. g5 hxg5+ 44. fxg5 Ra1 45. Kg3 Rg1+ 46.
Kf2 Rxg5 47. Rxa4 1/2-1/2